[Event "San Sebastian op 45th"]
[Site "San Sebastian"]
[Date "2025.04.19"]
[Round "7"]
[White "Sanz Gorospe, Ibai"]
[Black "Juez Villar, Erik"]
[Result "1-0"]
[WhiteElo "2137"]
[BlackElo "2044"]
[PlyCount "61"]
[EventDate "2025.04.14"]
[EventType "swiss"]
[EventRounds "9"]
[EventCountry "ESP"]
[SourceTitle "CB18_2025"]
[SourceDate "2025.04.30"]
[SourceVersion "1"]
[SourceVersionDate "2025.04.30"]
[SourceQuality "1"]

1. e4 c6 2. d4 d5 3. e5 Bf5 4. Bd3 Bxd3 5. Qxd3 e6 6. Ne2 c5 7. c3 Nc6 8. 0-0 Nge7 9. Nd2 Rc8 10. Nf3 cxd4 11. cxd4 Nf5 12. a3 h5 13. Ng3 Nh4 14. Ng5 Be7 15. Nh3 Qb6 16. Be3 Na5 17. Rac1 Rc6 18. Rxc6 bxc6 19. Nf4 g6 20. Qc3 Kd7 21. Nd3 Rb8 22. Nc5+ Bxc5 23. dxc5 Qb5 24. Bg5 Nf5 25. Nxf5 gxf5 26. Qf3 Rh8 27. Bf6 Rh6 28. Qf4 Rg6 29. Qh4 Qxc5 30. b4 Qc4 31. bxa5 1-0

[Event "San Sebastian op 44th"]
[Site "San Sebastian"]
[Date "2024.03.24"]
[Round "2"]
[White "Juez Villar, Erik"]
[Black "Roshka, Yevgeniy"]
[Result "0-1"]
[WhiteElo "1996"]
[BlackElo "2468"]
[PlyCount "56"]
[EventDate "2024.03.23"]
[EventType "swiss"]
[EventRounds "9"]
[EventCountry "ESP"]
[SourceTitle "EXT 2025"]
[Source "ChessBase"]
[SourceDate "2024.10.14"]
[SourceVersion "1"]
[SourceVersionDate "2024.10.14"]
[SourceQuality "1"]

1. d4 d5 2. c4 e6 3. Nc3 h6 4. Nf3 Nf6 5. e3 Be7 6. Bd3 0-0 7. 0-0 dxc4 8. Bxc4 c5 9. Qe2 cxd4 10. Rd1 Nc6 11. exd4 Na5 12. Bd3 b6 13. Bf4 Bb7 14. Re1 Nc6 15. Rad1 Nb4 16. Bb1 Nbd5 17. Bd2 Rc8 18. Ne5 Qc7 19. Qd3 Rfd8 20. Nb5 Qb8 21. Bxh6 gxh6 22. Nxf7 Nf4 23. Nxh6+ Kg7 24. Nf5+ Kf8 25. Qg3 exf5 26. Rxe7 Kxe7 27. Qg7+ Ke6 28. Re1+ Be4 0-1

[Event "San Sebastian op 40th"]
[Site "San Sebastian"]
[Date "2017.04.09"]
[Round "2"]
[White "Stella, Andrea"]
[Black "Juez Villar, Erik"]
[Result "1-0"]
[WhiteElo "2500"]
[BlackElo "1970"]
[PlyCount "146"]
[EventDate "2017.04.08"]
[EventType "swiss"]
[EventRounds "9"]
[EventCountry "ESP"]
[SourceTitle "CBM 177 Extra"]
[Source "ChessBase"]
[SourceDate "2017.04.27"]
[SourceVersion "1"]
[SourceVersionDate "2017.04.27"]
[SourceQuality "1"]

1. Nf3 Nf6 2. c4 e6 3. g3 b6 4. Bg2 Bb7 5. 0-0 Be7 6. d4 0-0 7. Re1 Bb4 8. Bd2 a5 9. Nc3 Bxc3 10. Bxc3 Ne4 11. Qc2 Nxc3 12. Qxc3 Be4 13. Bh3 c5 14. Rad1 Nc6 15. d5 exd5 16. cxd5 Bxf3 17. Qxf3 Nd4 18. Qd3 Qf6 19. Bg2 d6 20. Be4 Rfe8 21. Bxh7+ Kf8 22. Be4 Qe5 23. Bg2 g6 24. e3 Nf5 25. Qc3 b5 26. Bh3 Qxc3 27. bxc3 b4 28. e4 Ng7 29. Bd7 Re7 30. Bc6 Rb8 31. c4 g5 32. Kg2 Nh5 33. Rd2 f6 34. Rde2 Rh7 35. Rh1 Ke7 36. Ree1 Rbh8 37. Ba4 Ng7 38. Bc2 Rh6 39. Ref1 Rg8 40. Kf3 Ne8 41. Kg4 Nc7 42. Ba4 Na8 43. Bb5 Nb6 44. f4 gxf4+ 45. Kxf4 Rh3 46. Kf3 Rg5 47. Kg2 Rgh5 48. Rf4 a4 49. Rf2 a3 50. Rf4 Kf7 51. g4 R5h4 52. Rf2 Ke7 53. Rf4 Kf7 54. Rf2 Ke7 55. Rf3 Rxf3 56. Kxf3 Rh3+ 57. Kf4 Kf7 58. g5 Rh4+ 59. Kf5 Rh5 60. h4 fxg5 61. Rf1 Kg7 62. hxg5 Rh2 63. Ra1 Re2 64. Ke6 Rxe4+ 65. Kxd6 Nxc4+ 66. Kxc5 Ne3 67. Rb1 Re5 68. Bc4 Rxg5 69. Rxb4 Nxc4 70. Kxc4 Rg2 71. Kb3 Rd2 72. Kxa3 Rxd5 73. Rf4 Rd8 1-0

[Event "Gipuzkoa-ch"]
[Site "Zarautz"]
[Date "2009.12.05"]
[Round "7"]
[White "Juez Villar, Erik"]
[Black "Tejedor Txapartegi, Nabar"]
[Result "1-0"]
[WhiteElo "1938"]
[BlackElo "2044"]
[PlyCount "113"]
[EventDate "2009.10.24"]
[EventType "swiss"]
[EventRounds "7"]
[EventCountry "ESP"]
[SourceTitle "EXT 2012"]
[Source "ChessBase"]
[SourceDate "2011.11.24"]
[SourceVersion "1"]
[SourceVersionDate "2011.11.24"]
[SourceQuality "1"]

1. d4 d5 2. c4 e5 3. dxe5 d4 4. Nf3 Nc6 5. g3 Nge7 6. Bg2 Ng6 7. 0-0 Ngxe5 8. Qb3 Be7 9. Bf4 Ng6 10. Nbd2 Nxf4 11. gxf4 Qd6 12. e3 0-0 13. Ne4 Qg6 14. Nxd4 Bh3 15. Ng3 Bxg2 16. Kxg2 h5 17. Nxc6 Qxc6+ 18. f3 h4 19. Ne2 Rad8 20. Rad1 Rxd1 21. Rxd1 h3+ 22. Kf2 Re8 23. Rd5 Bh4+ 24. Ng3 Qg6 25. Qd3 Qf6 26. Qd4 Qg6 27. f5 Bxg3+ 28. hxg3 Qh6 29. Qf4 Qf6 30. Rd2 Qb6 31. Qd4 Qh6 32. Qf4 Qb6 33. Re2 Rd8 34. Kg1 Rd6 35. Kh2 Rh6 36. Qd4 Qa5 37. b3 Qxf5 38. e4 Qg5 39. e5 Qf5 40. Qe4 Qg5 41. Qxb7 Rg6 42. Qc8+ Kh7 43. Qg4 Qc1 44. Qd4 Qg5 45. Qh4+ Qxh4 46. gxh4 Rh6 47. Kxh3 g5 48. Rh2 Rxh4+ 49. Kg3 Rxh2 50. Kxh2 Kg6 51. Kh3 c5 52. Kg4 a5 53. f4 gxf4 54. Kxf4 f5 55. exf6 Kxf6 56. Ke4 Ke6 57. a4 1-0

[Event "Gipuzkoako-ch U18"]
[Site "Donostia"]
[Date "2007.12.27"]
[Round "2.3"]
[White "Juez Villar, Erik"]
[Black "Fernandez Zubitur, Jokin"]
[Result "1-0"]
[WhiteElo "1912"]
[BlackElo "1611"]
[PlyCount "97"]
[EventDate "2007.12.26"]
[EventType "swiss"]
[EventRounds "5"]
[EventCountry "ESP"]
[SourceTitle "EXT 2024"]
[Source "ChessBase"]
[SourceDate "2023.10.10"]
[SourceVersion "1"]
[SourceVersionDate "2023.10.10"]
[SourceQuality "1"]

1. d4 Nf6 2. c4 e5 3. dxe5 Ng4 4. Bf4 Nc6 5. Nf3 Bb4+ 6. Nbd2 Qe7 7. e3 Ngxe5 8. Nxe5 Nxe5 9. Be2 0-0 10. 0-0 Bxd2 11. Qxd2 d6 12. b4 Be6 13. c5 Rfd8 14. cxd6 Qxd6 15. Qc3 Qd2 16. Bxe5 Qxe2 17. Bd4 Qc4 18. Qb2 Qd5 19. f4 f6 20. Rf3 Kf7 21. Rc1 c6 22. f5 Bd7 23. Rc5 Qd6 24. Qb3+ Kf8 25. Rc1 b6 26. Rd1 Qe7 27. Re1 Qf7 28. Qb2 Qc4 29. e4 Re8 30. e5 fxe5 31. Bxe5 Kg8 32. Rg3 Re7 33. Rc1 Qe4 34. Bxg7 Bxf5 35. Bf6+ Bg6 36. Bxe7 Qxe7 37. Qb3+ Kg7 38. Rf1 Rd8 39. Qc3+ Kg8 40. Qxc6 Rd6 41. Qc8+ Rd8 42. Qc4+ Kh8 43. h4 Qe5 44. Qf4 Qxf4 45. Rxf4 Rg8 46. Kh2 Bb1 47. Rxg8+ Kxg8 48. a3 b5 49. Kg3 1-0

[Event "San Sebastian op 30th"]
[Site "San Sebastian"]
[Date "2007.04.07"]
[Round "8"]
[White "Heikkila, Antti"]
[Black "Juez Villar, Erik"]
[Result "1-0"]
[WhiteElo "2070"]
[BlackElo "1782"]
[PlyCount "33"]
[EventDate "2007.04.01"]
[EventType "swiss"]
[EventRounds "9"]
[EventCountry "ESP"]
[SourceTitle "CBM 117 Extra"]
[Source "ChessBase"]
[SourceDate "2007.05.09"]
[SourceVersion "1"]
[SourceVersionDate "2007.05.09"]
[SourceQuality "1"]

1. c4 Nf6 2. Nc3 e6 3. Nf3 b6 4. e3 Bb7 5. Be2 Be7 6. 0-0 0-0 7. d4 d5 8. cxd5 Nxd5 9. Bd2 c5 10. Nxd5 Bxd5 11. dxc5 Bxc5 12. Bc3 Nd7 13. Qa4 Be7 14. Rfd1 Qc7 15. Rac1 Rfc8 16. Ba6 Nc5 17. Qg4 1-0

[Event "San Sebastian op 30th"]
[Site "San Sebastian"]
[Date "2007.04.05"]
[Round "5"]
[White "Hanly, Steven"]
[Black "Juez Villar, Erik"]
[Result "1-0"]
[WhiteElo "1986"]
[BlackElo "1782"]
[PlyCount "47"]
[EventDate "2007.04.01"]
[EventType "swiss"]
[EventRounds "9"]
[EventCountry "ESP"]
[SourceTitle "CBM 117 Extra"]
[Source "ChessBase"]
[SourceDate "2007.05.09"]
[SourceVersion "1"]
[SourceVersionDate "2007.05.09"]
[SourceQuality "1"]

1. d4 Nf6 2. Nf3 e6 3. e3 b6 4. Bd3 Bb7 5. 0-0 Be7 6. c4 0-0 7. Nc3 d5 8. b3 Nbd7 9. Bb2 Rc8 10. Rc1 c5 11. Re1 Qc7 12. cxd5 exd5 13. dxc5 bxc5 14. Na4 Qb8 15. Ba3 Rfd8 16. Bf5 Ne4 17. Nd2 Nxf2 18. Kxf2 Qxh2 19. Nf3 Bh4+ 20. Nxh4 Qxh4+ 21. Kg1 Ne5 22. Nxc5 Rxc5 23. Bxc5 g6 24. Bd4 1-0